Business directory 2008.
| Corporate Author: | |
|---|---|
| Format: | Book |
| Published: |
New Delhi:
The Associated Chambers of Commerce and Industry of India,
2008.
|
| Edition: | 13th ed. |
| Subjects: |
| LEADER | 00530cam a2200157 7i4500 | ||
|---|---|---|---|
| 001 | 0000023857 | ||
| 005 | 20091119090000.0 | ||
| 090 | 0 | 0 | |a INDA 338.7025 |b ASS |
| 110 | 2 | 0 | |a The Associated Chambers of Commerce and Industry of India |
| 245 | 2 | 0 | |a Business directory 2008. |
| 250 | 0 | 0 | |a 13th ed. |
| 260 | 0 | 0 | |a New Delhi: |b The Associated Chambers of Commerce and Industry of India, |c 2008. |
| 300 | # | # | |a 392 p. |
| 650 | 0 | 0 | |a Business -- |x Directories -- |z India |
| 651 | 0 | 0 | |a India |
| 999 | |a B000025701 |b Directories |c Countries |e Business Information Centre | ||